000 01373nam a2200301 a 4500
001 000047410
005 20240412074306.0
008 091005s2006 dr g r 000 p spa d
020 _a9993433527
040 _aDO-SdBNP
_bspa
_cBNPHU
082 _aRD861.3
_bG633p, 2006
100 1 _aGómez Sánchez, Fiume Bienvenida
_d1941-
_925162
245 1 0 _aPoesías y canciones a la patria :
_bde como los dominicanos han sentido la patria a través de la historia /
_cFiume Bienvenida Gómez Sánchez.
250 _a3a ed.
260 _aSanto Domingo :
_bUniversitaria,
_c2006.
300 _a427 p. :
_bmús. ;
_c24 cm.
490 1 _aPublicaciones de la Universidad autónoma de Santo Domingo ;
_v1267 ;
490 1 _aLiteratura y sociedad ;
_v59 ;
500 _aAprobado como libro de consulta y referencia para los doce años de la Educación Nacional (Básica y Media) por la Dirección General de Currículo de la Secretaría de Estado de Educación junio 2001
500 _aIncluye datos biográficos del autor en la contracubierta.
504 _aBibliografía : p. 425-427
590 _aInventariado, 2018/YL
650 0 _aPoesía dominicana
_966
650 4 _aCanciones dominicanas
_919584
650 0 _aLiteratura dominicana.
_967
830 0 _aPublicaciones de la Universidad autónoma de Santo Domingo
_n1267
_975049
830 0 _aLiteratura y sociedad
_n59
_975050
999 _c46898
_d46898